| 000 | 00737cam a2200229 a 4500 | ||
|---|---|---|---|
| 001 | 000003094 | ||
| 005 | 20200929150328.0 | ||
| 008 | 940810s1996 sp 000 f spa | ||
| 020 | _a8408015672 | ||
| 040 |
_aDO-SdBNP _cDLC _dDLC _dOCoLC _dDLC |
||
| 041 | 1 | 7 |
_aspa _beng _2Código de idioma MARC |
| 082 |
_a813.54 _bR632i, 1996 |
||
| 100 | 1 |
_aRobbins, Harold. _d1916-1997. _99765 |
|
| 245 | 1 | 4 |
_aLos intrusos / _cHarold Robbins ; traductor, M. S. de Mora Charles. |
| 250 | _a2a ed. | ||
| 260 |
_aBarcelona : _bPlaneta, _c1996. |
||
| 300 |
_a356 p. ; _c23 cm. |
||
| 650 | 4 |
_aNovela estadounidense _9262 |
|
| 650 | 4 |
_aLiteratura estadounidense _9263 |
|
| 700 | 1 |
_aMora Charles, M. S. de. _etr. _99766 |
|
| 910 | _aCatalogación por copia / LC | ||
| 999 |
_c2925 _d2925 |
||